Sunshines / (Record no. 9793)

MARC details
000 -LEADER
fixed length control field 01099nam a22002657a 4500
001 - CONTROL NUMBER
control field 9793
003 - CONTROL NUMBER IDENTIFIER
control field FISKH
005 - DATE AND TIME OF LATEST TRANSACTION
control field 20260225141010.0
008 - FIXED-LENGTH DATA ELEMENTS--GENERAL INFORMATION
fixed length control field 260225b cb ||||| |||| 00| 0 eng d
020 ## - INTERNATIONAL STANDARD BOOK NUMBER
International Standard Book Number 0006511775
040 ## - CATALOGING SOURCE
Original cataloging agency FISKH
Language of cataloging eng
Transcribing agency FISKH
Modifying agency FISKH
082 ## - DEWEY DECIMAL CLASSIFICATION NUMBER
Classification number 551.5
100 ## - MAIN ENTRY--PERSONAL NAME
Personal name Law , Felicia
245 ## - TITLE STATEMENT
Title Sunshines /
Statement of responsibility, etc. By Felicia Law : Illustrated by Jenny Thorne
250 ## - EDITION STATEMENT
Edition statement First published in Dendilions 1976
260 ## - PUBLICATION, DISTRIBUTION, ETC.
Place of publication, distribution, etc. London :
Name of publisher, distributor, etc. William Collins Sons and Co Ltd ,
Date of publication, distribution, etc. 1976 .
300 ## - PHYSICAL DESCRIPTION
Extent 32 pages :
Other physical details color illustrations ;
Dimensions 21 cm .
505 ## - FORMATTED CONTENTS NOTE
Formatted contents note E <br/>
520 ## - SUMMARY, ETC.
Summary, etc. Sunshine is a simple and heartwarming children’s story. The book talks about sunshine and how it makes people feel happy and warm. It shows how sunshine helps plants grow, brightens the day, and brings joy to everyone.<br/><br/>The story uses easy words and short sentences, which makes it perfect for young readers who are learning to read on their own.
521 8# - TARGET AUDIENCE NOTE
Target audience note 200 <br/>
Source Lexile <br/>
521 8# - TARGET AUDIENCE NOTE
Target audience note E <br/>
Source Raz-Plus <br/>
700 ## - ADDED ENTRY--PERSONAL NAME
Personal name Thorne , Jenny
Relator term Illustrator
942 ## - ADDED ENTRY ELEMENTS (KOHA)
Source of classification or shelving scheme Dewey Decimal Classification
Koha item type Books
Suppress in OPAC No
Holdings
Withdrawn status Lost status Source of classification or shelving scheme Damaged status Not for loan Collection Home library Current library Shelving location Date acquired Total Checkouts Full call number Barcode Date last seen Price effective from Koha item type
    Dewey Decimal Classification     Juvenile Fiction Footprints International School Library Network Toul Tom Poung Campus Footprints International School Library Network Toul Tom Poung Campus TTP Primary Green Bookshelves 02/25/2026   LAW 551.5 FIS01435 02/25/2026 02/25/2026 Books